Bailout and conglomeration

Salvato in:
Dettagli Bibliografici
Autore principale: Kim, Se-Jik
Natura: Libro
Lingua:inglese
Pubblicazione: Washington International Monetary Fund 1999
Serie:IMF Working Paper WP/99/108
Soggetti:
Tags: Aggiungi Tag
Nessun Tag, puoi essere il primo ad aggiungerne!!

MARC

LEADER 00000nam a2200000 4500
001 c123720
005 20240819105251.8
041 0 |a eng 
044 |a US 
245 1 0 |a Bailout and conglomeration  |c Se-Jik Kim 
264 1 |a Washington  |b International Monetary Fund  |c 1999 
300 |a 29 s. 
490 1 |a IMF Working Paper  |v WP/99/108 
830 0 |a IMF Working Paper  |v WP/99/108 
610 2 0 |a konglomeráty 
610 2 0 |a akcionári 
610 2 0 |a riziko 
610 2 0 |a riziko bankové 
610 2 0 |a kontrakty 
610 2 0 |a firmy 
610 2 0 |a kríza finančná 
100 1 |a Kim, Se-Jik